000 01037cam a22003134a 4500
001 16675136
003 SISC
005 20160602114854.0
008 110303s2012 enka b 001 0 eng
010 _a 2011009567
020 _a9780415581554 (hardback : alk. paper)
020 _a9780415581561 (pbk. : alk. paper)
040 _aDLC
_cDLC
_dDLC
050 0 0 _aG 155.A1
_b.So594 2012
082 0 0 _a910.68/7
100 1 _aSong, Haiyan.
245 1 0 _aTourism supply chain management /
_cHaiyan Song.
250 _a1st edition.
260 _aLondon ;
_aNew York :
_bRoutledge,
_c2012.
300 _axiv, 202 pages :
_billustrations ;
_c24 cm.
500 _aIncludes bibliographical references and index.
521 _aTourism
650 0 _aTourism
_xManagement.
650 0 _aHospitality industry
_xManagement.
650 0 _aBusiness logistics.
906 _a7
_bcbc
_corignew
_d1
_eecip
_f20
_gy-gencatlg
942 _2lcc
_cBK
_kFOR
999 _c275946
_d275946